| 000 | 00681nam a2200181 i 4500 | ||
|---|---|---|---|
| 001 | 31988 | ||
| 003 | ES-MaACL | ||
| 005 | 20230906154504.0 | ||
| 007 | t| | ||
| 008 | 030206s1884 sp ||||1| spa d | ||
| 100 | 1 |
_aArmangué y Tuset, José. _922916 |
|
| 245 | 1 | 0 |
_aSarcoma cístico del testículo derecho / _cpor José Armangué y Carreras-Soláa. |
| 260 |
_aBarcelona : _b[s.n.], _c1884 ( _fTip. La Academia de Evaristo Ullastres) |
||
| 300 |
_a32 p., [4] p., 2 h. de lám. ; _c25 cm. |
||
| 650 | 4 |
_aTestículos. _9147127 |
|
| 700 | 1 |
_aCarreras Solá, Luis. _935681 |
|
| 852 |
_aES-MaACL _jT-667-F-9 _z.- Dedicatoria autógrafa del coautor Luis Carrera Solá a Gustavo Saenz Diez |
||
| 999 |
_c31988 _d31988 |
||